[Event "Madrid ch - Semifinal A"]
[Site "Madrid ESP"]
[Date "2011.01.18"]
[Round "2.9"]
[White "Ruiz Quevedo, Andres"]
[Black "Baeza Escudero, Javier"]
[Result "0-1"]
[WhiteElo "1950"]
[BlackElo "1984"]
[PlyCount "70"]
[EventDate "2011.01.17"]
[EventType "swiss"]
[EventRounds "9"]
[EventCountry "ESP"]
[Source "lmi"]
[SourceDate "2011.01.17"]

1. g3 d5 2. Bg2 e5 3. Nf3 Bd6 4. O-O Nf6 5. c4 c6 6. d4 e4 7. Ne5 O-O 8. Nc3
Re8 9. Qb3 Qb6 10. cxd5 cxd5 11. Nb5 Bf8 12. Be3 a6 13. Nc3 Qxb3 14. axb3 Be6
15. Na4 Nbd7 16. Rac1 Rac8 17. Nxd7 Nxd7 18. Bd2 Bg4 19. Nc3 Be6 20. Na4 g6 21.
h3 Bg7 22. e3 b5 23. Nc3 Bf8 24. Ne2 g5 25. Ba5 Bd6 26. Rxc8 Rxc8 27. Rc1 Rxc1+
28. Nxc1 Nb8 29. Bf1 Nc6 30. Bb6 Kf8 31. Bc5 Ke7 32. Kg2 Bxc5 33. dxc5 d4 34.
exd4 Nxd4 35. Ne2 Nxb3 0-1

[Event "Madrid ch - Semifinal A"]
[Site "Madrid ESP"]
[Date "2011.01.18"]
[Round "2.10"]
[White "Lopez Heras, Arturo"]
[Black "De La Fuente Gonzalez, Francisco"]
[Result "0-1"]
[WhiteElo "2021"]
[BlackElo "2230"]
[PlyCount "44"]
[EventDate "2011.01.17"]
[EventType "swiss"]
[EventRounds "9"]
[EventCountry "ESP"]
[Source "lmi"]
[SourceDate "2011.01.17"]

1. e4 e5 2. f4 exf4 3. Nf3 d5 4. exd5 Nf6 5. Nc3 Nxd5 6. d4 Bb4 7. Bd2 Qe7+ 8.
Qe2 Ne3 9. Bxe3 fxe3 10. Qd3 O-O 11. O-O-O Bxc3 12. Qxc3 e2 13. Re1 exf1=Q 14.
Rexf1 Qd6 15. Re1 Bf5 16. Re5 Bg6 17. Nh4 Nc6 18. Nxg6 Qxg6 19. Re3 Rad8 20.
Rg3 Nxd4 21. Re1 Qh6+ 22. Kb1 Ne2 0-1

[Event "Madrid ch - Semifinal A"]
[Site "Madrid ESP"]
[Date "2011.01.18"]
[Round "2.12"]
[White "Fuentes Arjona, Antonio"]
[Black "Rodriguez Vignote, Javier"]
[Result "0-1"]
[WhiteElo "2006"]
[BlackElo "1918"]
[PlyCount "78"]
[EventDate "2011.01.17"]
[EventType "swiss"]
[EventRounds "9"]
[EventCountry "ESP"]
[Source "lmi"]
[SourceDate "2011.01.17"]

1. e4 e6 2. Qe2 c5 3. g3 Nc6 4. Bg2 g6 5. f4 Bg7 6. Nf3 Nge7 7. d3 O-O 8. O-O
d6 9. c3 Qc7 10. Be3 e5 11. Nbd2 b5 12. fxe5 Nxe5 13. Nxe5 dxe5 14. a4 Rb8 15.
axb5 Rxb5 16. Nc4 Be6 17. b4 cxb4 18. Rxa7 Rb7 19. Rxb7 Qxb7 20. Rb1 b3 21. Bc5
Ra8 22. Qd1 Bxc4 23. dxc4 Rb8 24. Bb4 Nc6 25. Bd6 Rd8 26. c5 Na5 27. Qd3 Bf8
28. c4 Qb4 29. Qe3 Bxd6 30. cxd6 Rxd6 31. c5 Rd5 32. c6 Rc5 33. Qd3 Rxc6 34.
Qd8+ Kg7 35. Qe8 Qd4+ 36. Kh1 b2 37. Rf1 Rf6 38. Rxf6 Kxf6 39. Qh8+ Ke7 0-1

[Event "Madrid ch - Semifinal A"]
[Site "Madrid ESP"]
[Date "2011.01.18"]
[Round "2.13"]
[White "Quintero Torres, Pedro"]
[Black "Perez Cameselle, Francisco"]
[Result "1-0"]
[WhiteElo "1968"]
[BlackElo "1904"]
[PlyCount "39"]
[EventDate "2011.01.17"]
[EventType "swiss"]
[EventRounds "9"]
[EventCountry "ESP"]
[Source "lmi"]
[SourceDate "2011.01.17"]

1. e4 g6 2. d4 d6 3. Nc3 Nf6 4. Bg5 Bg7 5. e5 Nfd7 6. f4 dxe5 7. dxe5 f6 8.
exf6 exf6 9. Qe2+ Qe7 10. Qxe7+ Kxe7 11. Bh4 Nb6 12. O-O-O Bf5 13. Nf3 Nc6 14.
Bb5 Rhd8 15. Bxc6 bxc6 16. Ne5 Rxd1+ 17. Rxd1 Bd7 18. Ne4 Rd8 19. Re1 Nd5 20.
Nc5 1-0

[Event "Madrid ch - Semifinal A"]
[Site "Madrid ESP"]
[Date "2011.01.18"]
[Round "2.14"]
[White "Garcia Martin, Juan Manuel"]
[Black "Vukotic Jovsic, Dragan"]
[Result "0-1"]
[WhiteElo "1903"]
[BlackElo "1960"]
[PlyCount "44"]
[EventDate "2011.01.17"]
[EventType "swiss"]
[EventRounds "9"]
[EventCountry "ESP"]
[Source "lmi"]
[SourceDate "2011.01.17"]

1. d4 Nf6 2. Bf4 d5 3. Nf3 Bf5 4. e3 e6 5. Bd3 Bd6 6. Bxf5 exf5 7. Bg5 h6 8.
Bxf6 Qxf6 9. Nc3 c6 10. Qd3 Nd7 11. Ne2 O-O-O 12. O-O-O g5 13. Nd2 Bc7 14. Nb3
Rhe8 15. g3 f4 16. exf4 gxf4 17. Rhe1 fxg3 18. fxg3 Qf2 19. Nd2 Re3 20. Qh7
Rde8 21. b3 Ba5 22. Rf1 Qxe2 0-1

[Event "Madrid ch - Semifinal A"]
[Site "Madrid ESP"]
[Date "2011.01.18"]
[Round "2.15"]
[White "Perez Del Amo, Jorge"]
[Black "Rojas Pozo, Jose Luis"]
[Result "0-1"]
[WhiteElo "1854"]
[BlackElo "1946"]
[PlyCount "124"]
[EventDate "2011.01.17"]
[EventType "swiss"]
[EventRounds "9"]
[EventCountry "ESP"]
[Source "lmi"]
[SourceDate "2011.01.17"]

1. d4 Nf6 2. Nf3 g6 3. e3 Bg7 4. Bd3 c5 5. b3 Nc6 6. a3 O-O 7. O-O cxd4 8. exd4
Qc7 9. Bb2 d5 10. Nbd2 Nh5 11. c4 Nf4 12. Qc2 Nxd3 13. Qxd3 Bf5 14. Qe3 dxc4
15. bxc4 Rfd8 16. Bc3 e6 17. Nb3 Ne7 18. Bb4 a5 19. Bxe7 Qxe7 20. Ne5 f6 21.
Nd3 a4 22. Nbc5 b6 23. Ne4 Bxe4 24. Qxe4 f5 25. Qc6 Qd6 26. Qb5 Bxd4 27. Ra2 e5
28. Nb4 Ra5 29. Qc6 Rc5 30. Qxd6 Rxd6 31. Rc2 Rd8 32. Rfc1 Rdc8 33. Na6 R5c6
34. Nb4 Rd6 35. Nd5 Kf7 36. Kf1 b5 37. Ne3 f4 38. cxb5 Rxc2 39. Nxc2 Rd8 40.
Nxd4 Rxd4 41. b6 Rd8 42. Rc7+ Ke6 43. Rxh7 Rb8 44. Ra7 Rxb6 45. Rxa4 Rb2 46.
Ra6+ Kf5 47. a4 g5 48. f3 g4 49. fxg4+ Kxg4 50. Ra8 Rb1+ 51. Kf2 Rb2+ 52. Kf1
Kf5 53. a5 Ke4 54. Ke1 Ke3 55. Kd1 Rxg2 56. Re8 e4 57. a6 Ra2 58. Rb8 f3 59.
Rb3+ Kf4 60. a7 f2 61. Rb2 f1=Q+ 62. Kc2 Qd3+ 0-1

[Event "Madrid ch - Semifinal A"]
[Site "Madrid ESP"]
[Date "2011.01.18"]
[Round "2.16"]
[White "Sarabia Utrilla, Joaquin"]
[Black "Camarero Izquierdo, Juan C"]
[Result "1-0"]
[WhiteElo "1840"]
[BlackElo "1939"]
[PlyCount "93"]
[EventDate "2011.01.17"]
[EventType "swiss"]
[EventRounds "9"]
[EventCountry "ESP"]
[Source "lmi"]
[SourceDate "2011.01.17"]

1. d4 e6 2. c4 f5 3. Nc3 Bb4 4. Nf3 Nf6 5. e3 Ne4 6. Bd2 Bxc3 7. Bxc3 d6 8. Bd3
Nd7 9. Bxe4 fxe4 10. Nd2 Qg5 11. g3 d5 12. h4 Qf6 13. Qh5+ g6 14. Qh6 Qf8 15.
Qg5 Qf7 16. cxd5 exd5 17. h5 gxh5 18. Rxh5 Rg8 19. Qxd5 Qxd5 20. Rxd5 b6 21.
Rh5 Bb7 22. Rxh7 O-O-O 23. O-O-O Rdf8 24. Re7 Kd8 25. Re6 Bd5 26. Rh6 Rxf2 27.
Re1 Rxg3 28. Rh8+ Ke7 29. Rh7+ Ke6 30. Bb4 c5 31. dxc5 bxc5 32. Bc3 c4 33. Bd4
Rgg2 34. Reh1 Ne5 35. R1h6+ Ng6 36. Rxa7 Bc6 37. Ra6 c3 38. Bxc3 Rxd2 39. Bxd2
Kd5 40. Rh5+ Kd6 41. Bb4+ Kc7 42. Rh7+ Bd7 43. Ra7+ Kc6 44. Rhxd7 Ne5 45. Rd6+
Kb5 46. Rb7+ Kc4 47. Rd4# 1-0

[Event "Madrid ch - Semifinal A"]
[Site "Madrid ESP"]
[Date "2011.01.18"]
[Round "2.17"]
[White "Lozano Sanchez, Jose Antonio"]
[Black "Lopez Peral, Enrique"]
[Result "0-1"]
[WhiteElo "1918"]
[BlackElo "1877"]
[PlyCount "136"]
[EventDate "2011.01.17"]
[EventType "swiss"]
[EventRounds "9"]
[EventCountry "ESP"]
[Source "lmi"]
[SourceDate "2011.01.17"]

1. e4 c5 2. Nf3 g6 3. Bc4 Bg7 4. Nc3 Nc6 5. d3 d6 6. O-O Nf6 7. Bf4 O-O 8. h3
Na5 9. Bb3 a6 10. Re1 Nxb3 11. axb3 b6 12. e5 dxe5 13. Nxe5 Bb7 14. Qd2 h5 15.
Bh6 e6 16. Bxg7 Kxg7 17. Qg5 Nh7 18. Qg3 Nf6 19. Ne2 Nd7 20. Nf4 h4 21. Qg4
Nxe5 22. Rxe5 Rh8 23. Rae1 Rh6 24. Qe2 Bc8 25. Qg4 Kh7 26. Qf3 Ra7 27. Qe3 Rc7
28. Qd2 c4 29. bxc4 Rxc4 30. b3 Rc6 31. c3 Rd6 32. d4 b5 33. Nd3 Rd5 34. Qf4
Kg7 35. R1e4 Rh5 36. Rxh5 Rxh5 37. Re5 Rf5 38. Rxf5 exf5 39. Qe5+ Qf6 40. f4
Qxe5 41. fxe5 f6 42. Kf2 fxe5 43. Nxe5 Be6 44. c4 bxc4 45. bxc4 Kf6 46. Ke3 g5
47. Kd3 g4 48. hxg4 fxg4 49. Ke4 h3 50. gxh3 gxh3 51. Nf3 Bxc4 52. d5 Bb5 53.
Kd4 Ke7 54. Kc5 Be2 55. Nh2 Kd7 56. Kd4 Kd6 57. Ke3 Bc4 58. Kf2 Bxd5 59. Kg3
Be6 60. Nf3 Kc5 61. Kf2 Kc4 62. Ng5 Bd7 63. Ne4 a5 64. Ke2 a4 65. Kd2 a3 66.
Kc1 h2 67. Nf2 Bf5 68. Nh1 Kb3 0-1

[Event "Madrid ch - Semifinal A"]
[Site "Madrid ESP"]
[Date "2011.01.19"]
[Round "3.1"]
[White "Perez Gonzalez, Jose Manuel"]
[Black "Rodriguez De Castro, Ayar"]
[Result "1/2-1/2"]
[WhiteElo "2279"]
[BlackElo "2103"]
[PlyCount "51"]
[EventDate "2011.01.17"]
[EventType "swiss"]
[EventRounds "9"]
[EventCountry "ESP"]
[Source "lmi"]
[SourceDate "2011.01.17"]

1. e4 e6 2. d4 d5 3. Nc3 Nf6 4. e5 Nfd7 5. f4 c5 6. Nf3 Nc6 7. Be3 cxd4 8. Nxd4
Bc5 9. Qd2 Nxd4 10. Bxd4 Bxd4 11. Qxd4 Qb6 12. Qxb6 Nxb6 13. Nb5 Ke7 14. Bd3
Bd7 15. Nd4 Na4 16. O-O-O Nc5 17. g4 h5 18. h3 Rac8 19. Kb1 a6 20. f5 Nxd3 21.
cxd3 hxg4 22. hxg4 Rxh1 23. Rxh1 f6 24. fxe6 Bxe6 25. exf6+ Kxf6 26. Rf1+
1/2-1/2

[Event "Madrid ch - Semifinal A"]
[Site "Madrid ESP"]
[Date "2011.01.19"]
[Round "3.2"]
[White "Spitzer Isbert, Ramon"]
[Black "Ramirez Garcia, Jorge Alberto"]
[Result "1/2-1/2"]
[WhiteElo "2082"]
[BlackElo "2255"]
[PlyCount "86"]
[EventDate "2011.01.17"]
[EventType "swiss"]
[EventRounds "9"]
[EventCountry "ESP"]
[Source "lmi"]
[SourceDate "2011.01.17"]

1. Nf3 d5 2. c4 e6 3. g3 dxc4 4. Bg2 Nf6 5. O-O a6 6. b3 cxb3 7. Bb2 bxa2 8.
Rxa2 Nc6 9. Na3 Bd6 10. Nc4 O-O 11. Qa1 Qe7 12. d4 Nd7 13. Na5 Nxa5 14. Rxa5 f5
15. e4 Nb6 16. Rc1 Bd7 17. exf5 exf5 18. Re1 Qf6 19. d5 Qh6 20. Bc1 Qh5 21. Nd4
Rae8 22. Ne6 Rf6 23. Ra2 Bxe6 24. dxe6 Rfxe6 25. Be3 f4 26. Bd2 Rxe1+ 27. Bxe1
Qb5 28. Qd1 c6 29. Bf1 Qc5 30. Ra5 fxg3 31. Rxc5 gxh2+ 32. Kh1 Bxc5 33. Bc3
Bxf2 34. Qg4 Re7 35. Bc4+ Nxc4 36. Qxc4+ Rf7 37. Kxh2 c5 38. Qe6 Bd4 39. Ba5 g6
40. Bc7 Kg7 41. Bd8 h6 42. Kg2 Rf2+ 43. Kg3 Rf7 1/2-1/2

[Event "Madrid ch - Semifinal A"]
[Site "Madrid ESP"]
[Date "2011.01.19"]
[Round "3.3"]
[White "Mansilla Tolosa, Luis"]
[Black "Pastor Alonso De Prado, Emilio A"]
[Result "0-1"]
[WhiteElo "2081"]
[BlackElo "2176"]
[PlyCount "56"]
[EventDate "2011.01.17"]
[EventType "swiss"]
[EventRounds "9"]
[EventCountry "ESP"]
[Source "lmi"]
[SourceDate "2011.01.17"]

1. d4 d5 2. c4 e6 3. Nf3 Nf6 4. g3 Be7 5. Bg2 O-O 6. O-O c6 7. Qc2 b6 8. b3 Ba6
9. Nbd2 Nbd7 10. Bb2 Rc8 11. e4 c5 12. dxc5 dxc4 13. bxc4 Nxc5 14. Nd4 Qd7 15.
Rac1 Na4 16. Qb1 Rfd8 17. N4f3 Qd3 18. Qxd3 Rxd3 19. Rc2 Nxb2 20. Rxb2 Rc3 21.
e5 Nd7 22. Rd1 Nc5 23. Bf1 Rd8 24. Be2 g5 25. h3 h6 26. Nh2 Na4 27. Rbb1 Rc2
28. Nhf1 Nc3 0-1

[Event "Madrid ch - Semifinal A"]
[Site "Madrid ESP"]
[Date "2011.01.19"]
[Round "3.4"]
[White "Alvarez Abejon, Amilcar"]
[Black "Gemy, Jose Daniel"]
[Result "0-1"]
[WhiteElo "2094"]
[BlackElo "2301"]
[PlyCount "62"]
[EventDate "2011.01.17"]
[EventType "swiss"]
[EventRounds "9"]
[EventCountry "ESP"]
[Source "lmi"]
[SourceDate "2011.01.17"]

1. e4 e6 2. d4 d5 3. Nd2 Nf6 4. e5 Nfd7 5. Bd3 c5 6. c3 Nc6 7. Ne2 Qb6 8. Nf3
Be7 9. O-O a5 10. a3 a4 11. Bc2 Qa5 12. Bg5 b5 13. Bxe7 Nxe7 14. dxc5 Nc6 15.
Re1 Nxc5 16. Ned4 Nxd4 17. Nxd4 Bd7 18. f4 O-O-O 19. Bd3 Kc7 20. f5 exf5 21.
Bxf5 Qb6 22. Bxd7 Rxd7 23. Qe2 Nb3 24. Rad1 Nxd4 25. Rxd4 Re8 26. Kh1 f6 27. e6
Rde7 28. Qg4 Qd6 29. h3 Rxe6 30. Qxg7+ R6e7 31. Rxe7+ Rxe7 0-1

[Event "Madrid ch - Semifinal A"]
[Site "Madrid ESP"]
[Date "2011.01.19"]
[Round "3.5"]
[White "De La Fuente Gonzalez, Francisco"]
[Black "Lopez De Turiso, Jose Angel"]
[Result "1-0"]
[WhiteElo "2230"]
[BlackElo "2064"]
[PlyCount "109"]
[EventDate "2011.01.17"]
[EventType "swiss"]
[EventRounds "9"]
[EventCountry "ESP"]
[Source "lmi"]
[SourceDate "2011.01.17"]

1. c4 c5 2. g3 g6 3. Bg2 Bg7 4. Nf3 Nc6 5. Nc3 Nf6 6. d4 cxd4 7. Nxd4 O-O 8.
O-O d6 9. Nc2 Qa5 10. Nd5 Nxd5 11. cxd5 Ne5 12. Bd2 Qb6 13. Bc3 Bd7 14. Bd4 Qa6
15. f4 Ng4 16. Bxg7 Kxg7 17. Qd4+ f6 18. h3 Nh6 19. e4 Nf7 20. Ne3 Rfc8 21.
Rfc1 Rxc1+ 22. Rxc1 Rc8 23. Rxc8 Bxc8 24. a3 Bd7 25. Kf2 Qa5 26. Bf1 b6 27. h4
Qc5 28. Qc4 Nh6 29. Be2 Kf8 30. b4 Qc8 31. Qxc8+ Bxc8 32. Nc4 Ke8 33. Ne3 Kd8
34. Nc2 Kc7 35. Nd4 Nf7 36. Nc6 e6 37. Nxa7 exd5 38. Nxc8 Kxc8 39. exd5 Nh6 40.
g4 Ng8 41. Ke3 Ne7 42. Kd4 f5 43. g5 Kc7 44. a4 Kb7 45. Bb5 Ka7 46. Be2 Kb7 47.
h5 Ka7 48. h6 Kb7 49. Bb5 Ka7 50. Bd7 Kb7 51. Kc4 Ka7 52. Be6 Kb7 53. Kb5 Ka7
54. a5 bxa5 55. bxa5 1-0

[Event "Madrid ch - Semifinal A"]
[Site "Madrid ESP"]
[Date "2011.01.19"]
[Round "3.6"]
[White "Baeza Escudero, Javier"]
[Black "Cortes Jurado, Rafael"]
[Result "0-1"]
[WhiteElo "1984"]
[BlackElo "2081"]
[PlyCount "126"]
[EventDate "2011.01.17"]
[EventType "swiss"]
[EventRounds "9"]
[EventCountry "ESP"]
[Source "lmi"]
[SourceDate "2011.01.17"]

1. e4 c5 2. Nf3 e6 3. d4 cxd4 4. Nxd4 Nf6 5. Nc3 Nc6 6. Be3 Bb4 7. f3 d5 8.
Nxc6 bxc6 9. a3 Ba5 10. b4 Bb6 11. Bg5 Qc7 12. Na4 Qe5 13. Nxb6 axb6 14. Be3 c5
15. bxc5 bxc5 16. Bb5+ Bd7 17. Bxd7+ Nxd7 18. O-O O-O 19. Bf2 Ra7 20. exd5 Qxd5
21. Qc1 Qc4 22. Re1 Rfa8 23. Re4 Qc3 24. Be1 Qf6 25. c4 h6 26. Bc3 Qg5 27. Bd2
Qf5 28. Qc3 Qf6 29. Rg4 Qxc3 30. Bxc3 g6 31. Bb2 Rb7 32. Bc1 h5 33. Re4 Ra4 34.
Kf2 Rb6 35. Re3 Rb8 36. Rc3 Kf8 37. Rc2 Ne5 38. Be3 Kg8 39. Ke2 Rc8 40. Rac1
Rxa3 41. Rc3 Ra2+ 42. R1c2 Rxc2+ 43. Rxc2 Kf8 44. f4 Ng4 45. Bg1 Ke7 46. Rb2
Nf6 47. Rb5 Nd7 48. Kd3 Kd6 49. h3 Ra8 50. Rb3 Ra2 51. g4 hxg4 52. hxg4 Rg2 53.
Be3 Rxg4 54. Ke2 Rg2+ 55. Kf3 Rc2 56. Rd3+ Kc6 57. Kg3 Rxc4 58. f5 gxf5 59. Bf4
e5 60. Bh6 Rd4 61. Rc3 c4 62. Rc1 Kd5 63. Bg7 Rg4+ 0-1

[Event "Madrid ch - Semifinal A"]
[Site "Madrid ESP"]
[Date "2011.01.19"]
[Round "3.7"]
[White "Garcia Ruido, Ricardo"]
[Black "Montero Garcia, Francisco Javier"]
[Result "0-1"]
[WhiteElo "2067"]
[BlackElo "1929"]
[PlyCount "78"]
[EventDate "2011.01.17"]
[EventType "swiss"]
[EventRounds "9"]
[EventCountry "ESP"]
[Source "lmi"]
[SourceDate "2011.01.17"]

1. e4 c5 2. Nc3 e6 3. g3 d5 4. exd5 exd5 5. Bg2 Nf6 6. d3 Be7 7. Bg5 O-O 8.
Nge2 Nc6 9. Bxf6 Bxf6 10. Nxd5 Bxb2 11. Rb1 Be6 12. Ndf4 Qa5+ 13. Qd2 Qxa2 14.
O-O Be5 15. Nxe6 fxe6 16. Rxb7 Nd4 17. Qe3 Nxe2+ 18. Qxe2 Bd4 19. Bh3 Rae8 20.
Kh1 a5 21. Bg2 Rb8 22. Rxb8 Rxb8 23. Qe1 a4 24. c3 Bf6 25. f4 a3 26. g4 Rb2 27.
Rg1 Re2 28. Qc1 Qb2 29. Qd1 Qc2 30. Qa1 a2 31. d4 cxd4 32. cxd4 Qb2 33. Qd1
Bxd4 34. Qa4 h6 35. Qe8+ Kh7 36. f5 exf5 37. Qf7 Bxg1 38. Qxf5+ g6 39. Qf7+ Qg7
0-1

[Event "Madrid ch - Semifinal A"]
[Site "Madrid ESP"]
[Date "2011.01.19"]
[Round "3.8"]
[White "Cabanas Bravo, Juan Andres"]
[Black "Lopez Peral, Enrique"]
[Result "1-0"]
[WhiteElo "2059"]
[BlackElo "1877"]
[PlyCount "54"]
[EventDate "2011.01.17"]
[EventType "swiss"]
[EventRounds "9"]
[EventCountry "ESP"]
[Source "lmi"]
[SourceDate "2011.01.17"]

1. e4 e5 2. f4 d6 3. Nf3 Nc6 4. Bb5 Bd7 5. c3 Nf6 6. d3 a6 7. Bxc6 bxc6 8. fxe5
dxe5 9. Nxe5 Bd6 10. Nxd7 Nxd7 11. Qh5 g6 12. Qh3 Qe7 13. O-O h5 14. Nd2 g5 15.
d4 g4 16. Qd3 c5 17. e5 Nxe5 18. dxe5 Bxe5 19. Ne4 Rg8 20. Bf4 f5 21. Ng3 Qd6
22. Qxd6 cxd6 23. Bxe5 dxe5 24. Rxf5 h4 25. Ne4 Rf8 26. Rxe5+ Kd8 27. Nxc5 Kc7
1-0

[Event "Madrid ch - Semifinal A"]
[Site "Madrid ESP"]
[Date "2011.01.19"]
[Round "3.9"]
[White "Lorenzo Bailador, Alfredo"]
[Black "Galan Aguado, Fernando"]
[Result "1/2-1/2"]
[WhiteElo "2018"]
[BlackElo "1841"]
[PlyCount "37"]
[EventDate "2011.01.17"]
[EventType "swiss"]
[EventRounds "9"]
[EventCountry "ESP"]
[Source "lmi"]
[SourceDate "2011.01.17"]

1. e4 e6 2. d4 d5 3. Nd2 dxe4 4. Nxe4 Bd7 5. Nf3 Bc6 6. Bd3 Nd7 7. O-O Ngf6 8.
Qe2 Be7 9. Bf4 O-O 10. Rad1 Nxe4 11. Bxe4 Bxe4 12. Qxe4 c6 13. c4 Nf6 14. Qc2
Qa5 15. b3 Rad8 16. Rfe1 Bd6 17. Bg5 Be7 18. Bd2 Qc7 19. h3 1/2-1/2

[Event "Madrid ch - Semifinal A"]
[Site "Madrid ESP"]
[Date "2011.01.19"]
[Round "3.10"]
[White "Beekhof Harmsen, Willen"]
[Black "Quintero Torres, Pedro"]
[Result "0-1"]
[WhiteElo "1835"]
[BlackElo "1968"]
[PlyCount "80"]
[EventDate "2011.01.17"]
[EventType "swiss"]
[EventRounds "9"]
[EventCountry "ESP"]
[Source "lmi"]
[SourceDate "2011.01.17"]

1. d4 Nf6 2. c4 g6 3. Nf3 Bg7 4. g3 O-O 5. Bg2 c6 6. O-O d5 7. Nc3 dxc4 8. Ne5
Ng4 9. Nxg4 Bxg4 10. h3 Be6 11. d5 cxd5 12. Nxd5 Nc6 13. e4 Bxd5 14. exd5 Nb4
15. Rb1 Rb8 16. Bd2 Nxd5 17. Qf3 e6 18. Rfd1 b5 19. Qa3 Qb6 20. Bxd5 exd5 21.
Bb4 d4 22. Bxf8 Rxf8 23. Qf3 d3 24. b3 Qe6 25. bxc4 bxc4 26. Rbc1 Rd8 27. Qe3
Qxe3 28. fxe3 c3 29. Kf2 f5 30. Kf3 Kf7 31. g4 c2 32. Rxd3 Rxd3 33. Rxc2 fxg4+
34. Ke4 Rc3 35. Rf2+ Ke6 36. hxg4 Rc4+ 37. Kf3 Rc3 38. Rh2 h6 39. Rd2 Bf6 40.
Ke4 Rc4+ 0-1

[Event "Madrid ch - Semifinal A"]
[Site "Madrid ESP"]
[Date "2011.01.19"]
[Round "3.11"]
[White "Vukotic Jovsic, Dragan"]
[Black "Sarabia Utrilla, Joaquin"]
[Result "1-0"]
[WhiteElo "1960"]
[BlackElo "1840"]
[PlyCount "73"]
[EventDate "2011.01.17"]
[EventType "swiss"]
[EventRounds "9"]
[EventCountry "ESP"]
[Source "lmi"]
[SourceDate "2011.01.17"]

1. d4 d5 2. Bf4 c5 3. e3 Bf5 4. Bxb8 Rxb8 5. dxc5 Qa5+ 6. Nc3 e6 7. Bb5+ Kd8 8.
a3 Nf6 9. Nge2 a6 10. b4 Qc7 11. Bd3 Bg6 12. e4 Qd7 13. exd5 Nxd5 14. Nxd5 Qxd5
15. Bxg6 hxg6 16. Qxd5+ exd5 17. O-O-O b6 18. Rxd5+ Kc7 19. cxb6+ Rxb6 20. h3
Bd6 21. c4 Rh4 22. c5 Rc4+ 23. Kd2 Bxc5 24. Rxc5+ Rxc5 25. bxc5 Rb2+ 26. Kd3
Rb3+ 27. Nc3 Rxa3 28. Re1 Ra5 29. Kc4 Kc6 30. Re5 Ra1 31. Re7 Rg1 32. g3 a5 33.
Rxf7 Rg2 34. Ne4 a4 35. Nd2 a3 36. Nb3 a2 37. Na5# 1-0

[Event "Madrid ch - Semifinal A"]
[Site "Madrid ESP"]
[Date "2011.01.19"]
[Round "3.12"]
[White "Rojas Pozo, Jose Luis"]
[Black "Monge Gilgado, Eva Maria"]
[Result "1/2-1/2"]
[WhiteElo "1946"]
[BlackElo "1832"]
[PlyCount "73"]
[EventDate "2011.01.17"]
[EventType "swiss"]
[EventRounds "9"]
[EventCountry "ESP"]
[Source "lmi"]
[SourceDate "2011.01.17"]

1. e4 c5 2. Nf3 e6 3. d4 cxd4 4. Nxd4 d6 5. Nc3 Nf6 6. Bg5 a6 7. f4 b5 8. a3
Bb7 9. Be2 Be7 10. Bf3 Qc7 11. Qe2 Nbd7 12. O-O-O O-O 13. e5 dxe5 14. fxe5 Nd5
15. Bxe7 Nxe7 16. Bxb7 Qxb7 17. Nf3 Nb6 18. Ng5 h6 19. Nge4 Ned5 20. g4 Nxc3
21. Nxc3 Rad8 22. h4 Rxd1+ 23. Rxd1 Qc7 24. g5 Nc4 25. Re1 h5 26. Qxh5 Nxe5 27.
Qe2 Nc4 28. Qf3 Qh2 29. Rh1 Qd2+ 30. Kb1 Rc8 31. Rd1 Nxa3+ 32. bxa3 Qxc3 33.
Qxc3 Rxc3 34. Kb2 Rh3 35. Rd6 a5 36. Ra6 b4 37. a4 1/2-1/2

[Event "Madrid ch - Semifinal A"]
[Site "Madrid ESP"]
[Date "2011.01.19"]
[Round "3.13"]
[White "Tejedor Ariza, Francisco"]
[Black "Ruiz Quevedo, Andres"]
[Result "1-0"]
[WhiteElo "2100"]
[BlackElo "1950"]
[PlyCount "155"]
[EventDate "2011.01.17"]
[EventType "swiss"]
[EventRounds "9"]
[EventCountry "ESP"]
[Source "lmi"]
[SourceDate "2011.01.17"]

1. e4 c5 2. b3 e6 3. Bb2 d6 4. g3 Nf6 5. Bg2 Nc6 6. Ne2 Be7 7. O-O Qc7 8. d4
cxd4 9. Nxd4 O-O 10. c4 Nxd4 11. Qxd4 Bd7 12. Nc3 a6 13. Rac1 Rac8 14. Rfd1 Qb8
15. Ba3 Ne8 16. c5 Rc6 17. e5 d5 18. Bxd5 exd5 19. Nxd5 Bd8 20. Nb4 Rc7 21. c6
bxc6 22. Nxa6 Qa7 23. Nxc7 Qxa3 24. Nxe8 Bg5 25. e6 Bxe8 26. exf7+ Bxf7 27.
Rxc6 Qxa2 28. b4 Bb3 29. Ra1 Qe2 30. Rf1 Bf6 31. Qe3 Qb2 32. Qc1 Qa2 33. Rc8
Bd5 34. Rxf8+ Kxf8 35. Qc8+ Kf7 36. Qd7+ Kg6 37. Qe8+ Kh6 38. g4 Bf7 39. Qe3+
Kg6 40. Qe4+ Kh6 41. f4 Bd5 42. g5+ Kh5 43. Qxh7+ Kg4 44. h3+ Kg3 45. Qd3+ Kh4
46. Rf3 Qa1+ 47. Qf1 Qxf1+ 48. Rxf1 Bd4+ 49. Kh2 Be3 50. g6 Be4 51. f5 Kg5 52.
h4+ Kf6 53. h5 Bd2 54. b5 Bd3 55. Rf2 Be1 56. Rb2 Bc3 57. Rb3 Be5+ 58. Kg2 Bxf5
59. b6 Be4+ 60. Kf2 Bd4+ 61. Kg3 Bb7 62. Rb1 Kg5 63. Rb5+ Kh6 64. Kf4 Bf6 65.
Ra5 Be7 66. Ke5 Bc8 67. Ra7 Bf6+ 68. Kd6 Bg4 69. b7 Bh4 70. Ra5 Bg3+ 71. Re5
Bxh5 72. b8=Q Bxe5+ 73. Kxe5 Bxg6 74. Kf4 Kh7 75. Kg5 Bd3 76. Qb3 Be4 77. Qh3+
Kg8 78. Qe6+ 1-0

[Event "Madrid ch - Semifinal A"]
[Site "Madrid ESP"]
[Date "2011.01.19"]
[Round "3.14"]
[White "Fuentes Arjona, Antonio"]
[Black "Martin-Consuegra Barrilero, Javi"]
[Result "1-0"]
[WhiteElo "2006"]
[BlackElo "1906"]
[PlyCount "21"]
[EventDate "2011.01.17"]
[EventType "swiss"]
[EventRounds "9"]
[EventCountry "ESP"]
[Source "lmi"]
[SourceDate "2011.01.17"]

1. e4 d6 2. f4 g6 3. Nf3 Bg7 4. Bc4 c6 5. Nc3 Nd7 6. Bxf7+ Kxf7 7. Ng5+ Kf6 8.
e5+ Nxe5 9. Nce4+ Kf5 10. fxe5 Bxe5 11. g4+ 1-0

[Event "Madrid ch - Semifinal A"]
[Site "Madrid ESP"]
[Date "2011.01.19"]
[Round "3.15"]
[White "Perez Cameselle, Francisco"]
[Black "Lopez Heras, Arturo"]
[Result "1/2-1/2"]
[WhiteElo "1904"]
[BlackElo "2021"]
[PlyCount "112"]
[EventDate "2011.01.17"]
[EventType "swiss"]
[EventRounds "9"]
[EventCountry "ESP"]
[Source "lmi"]
[SourceDate "2011.01.17"]

1. Nf3 Nf6 2. g3 c5 3. d3 d5 4. Nbd2 Nc6 5. e4 Bg4 6. h3 Bxf3 7. Qxf3 Nd4 8.
Qd1 dxe4 9. dxe4 e5 10. c3 Nc6 11. Qe2 Be7 12. Bg2 O-O 13. O-O Rb8 14. Rd1 Qc7
15. Nc4 b5 16. Ne3 c4 17. Nd5 Nxd5 18. exd5 Na5 19. Be3 a6 20. f4 exf4 21. Bxf4
Bd6 22. Bxd6 Qxd6 23. Kh2 Rfe8 24. Qf2 Nb7 25. Re1 Nc5 26. Rxe8+ Rxe8 27. Re1
Rd8 28. Qe3 Kf8 29. Re2 Nd7 30. a4 bxa4 31. Qe4 a3 32. bxa3 Qxa3 33. Qxc4 Qd6
34. Ra2 Nc5 35. Ra5 Rc8 36. Ra2 Re8 37. Ra5 Rc8 38. Ra2 Rc7 39. Qh4 h6 40. Rb2
Ra7 41. Qg4 Nd7 42. Qb4 Qxb4 43. cxb4 Ke7 44. Ra2 Kd6 45. Bf1 Kxd5 46. Rxa6
Rxa6 47. Bxa6 Kc6 48. Kg2 Ne5 49. Be2 Kb6 50. Kf2 Nc6 51. b5 Nd4 52. Bc4 Nxb5
53. Bxf7 Kc5 54. Ke3 Nd6 55. Be6 Ne8 56. Bg8 Kd6 1/2-1/2